| 000 | 00615nam a2200229Ia 4500 | ||
|---|---|---|---|
| 008 | 170203s9999 xx 000 0 und d | ||
| 020 | _a0-439511631 | ||
| 050 | _aFic | ||
| 050 | _bB414m | ||
| 100 | _aBeech, Linda. | ||
| 245 | _aMe too! / | ||
| 245 | _cwritten by Linda Ward Beech ; illustrated by Peggy Tangel ; designed by Norma Ortiz | ||
| 260 | _aNew York : | ||
| 260 | _bScholastic, | ||
| 260 | _c©2003. | ||
| 300 | _a8 pages : | ||
| 300 | _bcolor illustrations ; | ||
| 300 | _c14 x 14 cm. | ||
| 440 | _aSight word readers. | ||
| 650 | _aReaders (Primary) | ||
| 650 | _aWord recognition. | ||
| 999 |
_c306384 _d306384 |
||